Familles de Pokémons de la 1ère Génération n'ayant eu aucun ajout - Statistiques

Statistiques générales
  • Ce quiz a été pris 42 fois
    28 depuis la dernière actualisation
  • Le résultat moyen est 13 sur 18
Statistiques - réponses
Famille de Pokémons % Correct
Mew
96%
Piafabec / Rapasdepic
91%
Abo / Arbok
83%
Amonita / Amonistar
83%
Kabuto / Kabutops
83%
Nidoran / Nidorino / Nidoking
83%
Nidoran / Nidorina / Nidoqueen
78%
Mimitoss / Aéromite
74%
Otaria / Lamantine
70%
Paras / Parasect
70%
Poissirène / Poissoroy
70%
Soporifik / Hypnomade
70%
Doduo / Dodrio
65%
Metamorph
65%
Stari / Staross
65%
Kokiyas / Crustabri
61%
Tentacool / Tentacruel
61%
Psykokwak / Akwakwak
57%
Aucun quiz correspondant
Distribution des résultats
% des personnes avec chaque résultat
Percentile par nombre de réponses
Votre historique - résultats
Vous n’avez pas pris ce quiz depuis la dernière actualisation